000 00803nam a2200253 a 4500
999 _c9594
_d9594
001 2057464
003 OSt
005 20210118160426.0
008 930426s1991 tnua 000 0 eng
010 _a 93145749
020 _a0840731949 (TP)
020 _a0840776500 (CB)
040 _aDLC
_cDLC
050 0 0 _aHG179
_b.B565 1991
082 0 0 _a332.024
_220
100 1 _aBlue, Ron,
_d1942-
245 1 0 _aMaster your money :
_ba step-by-step plan for financial freedom revised and updated for the financial realities of the 90s /
_cRon Blue.
260 _aNashville :
_bT. Nelson Publishers,
_cc1991.
300 _a227 p. :
_bill. ;
_c23 cm.
650 0 _aFinance, Personal.
906 _a7
_bcbc
_corignew
_d2
_encip
_f19
_gy-gencatlg
942 _2ddc
_cBK